|
|
|
|
| LEADER |
00000cam a2200000 a 4500 |
| 001 |
1/124015 |
| 008 |
211202s2020####gr | ||| |||| ||gre|| |
| 020 |
|
|
|a 9786188492707
|
| 040 |
|
|
|a GR-MyUa
|b gre
|c GR-MyUa
|e AACR2
|
| 041 |
1 |
|
|a gre
|k tur
|
| 082 |
7 |
|
|a 494.335
|2 (23)
|
| 100 |
1 |
|
|a Δαφνοπατίδης, Βασίλης.
|
| 245 |
1 |
0 |
|a Τουρκική γραμματική στα ελληνικά /
|c Βασίλης Δαφνοπατίδης, Χριστίνα Σανλίογλου.
|
| 260 |
|
|
|a Αθήνα :
|b Ornimi,
|c 2020.
|
| 300 |
|
|
|a 420 σ. ;
|c 24 εκ.
|
| 500 |
|
|
|a Άνω του τίτλου: Turkce dilbilgisi
|
| 500 |
|
|
|a Το αντίτυπο είναι η 7η ανατύπωση Ιούνιος 2020.
|
| 504 |
|
|
|a Βιβλιογραφία: σ. 420.
|
| 650 |
|
0 |
|a Turkish language
|x Grammar.
|
| 650 |
|
0 |
|a Turkish language
|x Textbooks for foreign speakers
|x Greek, Modern.
|
| 700 |
1 |
|
|a Σανλίογλου, Χριστίνα.
|
| 852 |
|
|
|a INST
|b RHODES
|c EUDOXUS
|e 20211202
|h 494.335 ΔΑΦ
|p 005400042441
|q 005400042441
|t EDX
|y 0
|
| 920 |
|
|
|a Εύδοξος
|b Επιστροφή
|y Ρόδος
|z 2021-12
|
| 970 |
|
|
|z 02-12-2021
|